[Event "STICH 2324 SV Glückauf Rüdersdorf - SC"]
[Site "?"]
[Date "2024.05.04"]
[Round "10.8"]
[White "Dathe, Frederick"]
[Black "Mickiewicz, Piotr"]
[Result "1-0"]
[WhiteElo "2235"]
[BlackElo "2272"]
[PlyCount "127"]
[EventDate "2024.??.??"]

1. c4 g6 2. g3 Bg7 3. Bg2 c5 4. Nc3 Nc6 5. e4 Nf6 6. Nge2 O-O 7. d3 Rb8 8. O-O d6 9. h3 a6 10. a4 Ne8 11. Be3 Nd4 12. Rb1 Nc7 13. b4 Nce6 14. bxc5 dxc5 15. f4 Nxe2+ 16. Nxe2 Nd4 17. Nc3 b6 18. e5 Nf5 19. Bf2 Bb7 20. Ne4 Qc7 21. a5 bxa5 22. Rxb7 Rxb7 23. g4 Nh6 24. Nxc5 Rb2 25. Na4 Rb4 26. Nc3 e6 27. Ne4 Rd8 28. c5 Rxe4 29. Bxe4 Rb8 30. Qe2 Bf8 31. d4 f5 32. Bf3 fxg4 33. hxg4 g5 34. fxg5 Nf7 35. Qc4 Nxg5 36. Bg2 Rb4 37. Qxa6 Bxc5 38. dxc5 Rxg4 39. Qa8+ Kg7 40. Rb1 Qxe5 41. Qb7+ Kg6 42. Re1 Qf5 43. Re3 Rb4 44. Qc6 Rb1+ 45. Re1 Rb2 46. Be3 Kh5 47. Rf1 Rb1 48. Qe8+ Kg4 49. Qa4+ Kh5 50. Rxb1 Qxb1+ 51. Kh2 Qb2 52. c6 Nf3+ 53. Kg3 Ne5 54. Qh4+ Kg6 55. Be4+ Kf7 56. Qxh7+ Ke8 57. c7 Qc3 58. Qg8+ Ke7 59. Qg5+ Kd6 60. Qd8+ Nd7 61. Kf3 Qa1 62. c8=N+ Ke5 63. Qh8+ Nf6 64. Qh2# 1-0

[Event "STICH 2324 Bochumer SV 02 - SG Solingen "]
[Site "?"]
[Date "2024.05.05"]
[Round "20.1"]
[White "Roseneck, Jonas"]
[Black "Zatonskih, Anna"]
[Result "1-0"]
[WhiteElo "2389"]
[BlackElo "2331"]
[PlyCount "145"]
[EventDate "2024.??.??"]

1. c4 e6 2. Nf3 d5 3. g3 Nf6 4. Bg2 Be7 5. O-O O-O 6. d4 dxc4 7. Qc2 a6 8. a4 h6 9. Nbd2 Nc6 10. Nxc4 Nxd4 11. Nxd4 Qxd4 12. Rd1 Qc5 13. b3 Qh5 14. Bb2 Nd5 15. Bf3 Qg6 16. Qxg6 fxg6 17. Ne5 Bf6 18. Rac1 c6 19. Bg2 a5 20. Bd4 g5 21. e3 Re8 22. Bf3 Ne7 23. Ba1 Rb8 24. Bh5 Rf8 25. e4 Kh7 26. Rd6 b5 27. Nxc6 Bxa1 28. Nxe7 Bb2 29. Bg6+ Kh8 30. Rxc8 Rbxc8 31. Nxc8 bxa4 32. bxa4 Rxc8 33. Rxe6 Kg8 34. Kg2 Rf8 35. f3 Rf6 36. Re8+ Rf8 37. Re7 Rf6 38. Bh5 g6 39. Bg4 h5 40. Bd7 Rd6 41. Be6+ Kh8 42. Bd5 Rb6 43. e5 Ba3 44. Rc7 Rb2+ 45. Kf1 Rb1+ 46. Ke2 Bb4 47. Be4 Re1+ 48. Kf2 Kg8 49. e6 Kf8 50. Rf7+ Ke8 51. Rb7 Rh1 52. Bxg6+ Kf8 53. Rf7+ Ke8 54. Kg2 Ra1 55. Bxh5 Rxa4 56. f4 gxf4 57. gxf4 Be7 58. f5 Rh4 59. Rh7+ Kf8 60. Rf7+ Ke8 61. Be2 Rh6 62. Kg3 Kd8 63. Bb5 Rh5 64. h3 Rg5+ 65. Kf4 Rh5 66. Ke5 a4 67. Bxa4 Rxh3 68. Rxe7 Kxe7 69. f6+ Kd8 70. e7+ Kc7 71. e8=Q Re3+ 72. Kf5 Rxe8 73. Bxe8 1-0

[Event "STICH 2324 Bochumer SV 02 - SG Solingen "]
[Site "?"]
[Date "2024.05.05"]
[Round "20.2"]
[White "Friedmann, Rafael"]
[Black "Wegerle, Joerg"]
[Result "1/2-1/2"]
[WhiteElo "2416"]
[BlackElo "2411"]
[PlyCount "57"]
[EventDate "2024.??.??"]

1. Nf3 d5 2. g3 Bg4 3. Bg2 Nd7 4. d4 e6 5. h3 Bxf3 6. Bxf3 Bd6 7. e4 dxe4 8. Bxe4 c6 9. Nd2 Ngf6 10. Bg2 O-O 11. Nc4 Be7 12. O-O Nd5 13. Qe2 Qc7 14. c3 Rad8 15. h4 Rfe8 16. Re1 c5 17. Ne5 Bf8 18. Bg5 f6 19. Nxd7 Qxd7 20. Bd2 cxd4 21. cxd4 Rc8 22. Rac1 Rxc1 23. Bxc1 g6 24. a3 Bg7 25. Qd3 Kf7 26. Bd2 Rc8 27. Bf3 f5 28. Bd1 a6 29. Bb3 1/2-1/2

[Event "STICH 2324 Bochumer SV 02 - SG Solingen "]
[Site "?"]
[Date "2024.05.05"]
[Round "20.3"]
[White "Jugelt, Tobias"]
[Black "Gaponenko, Inna"]
[Result "1/2-1/2"]
[WhiteElo "2358"]
[BlackElo "2332"]
[PlyCount "69"]
[EventDate "2024.??.??"]

1. Nf3 d5 2. g3 c6 3. Bg2 Bf5 4. d3 e6 5. Nbd2 Nf6 6. O-O h6 7. e3 Be7 8. Qe2 O-O 9. e4 Bh7 10. Re1 a5 11. Ne5 Nfd7 12. Nxd7 Qxd7 13. Nf3 Bf6 14. c4 Na6 15. Bf4 Nb4 16. Ne5 Qd8 17. a3 Na6 18. exd5 exd5 19. cxd5 cxd5 20. Qf3 Nc5 21. Rad1 d4 22. Nc4 Ra6 23. b4 axb4 24. axb4 Ne6 25. Qxb7 Nxf4 26. Qxa6 Nxd3 27. Re2 Nxb4 28. Qb5 d3 29. Re4 Bxe4 30. Bxe4 Qd4 31. Bf5 Qd5 32. Qxd5 Nxd5 33. Rxd3 Nc3 34. Kg2 Rd8 35. Rxd8+ 1/2-1/2

[Event "STICH 2324 Bochumer SV 02 - SG Solingen "]
[Site "?"]
[Date "2024.05.05"]
[Round "20.4"]
[White "Schaefer, Markus"]
[Black "Illner, Achim"]
[Result "1-0"]
[WhiteElo "2340"]
[BlackElo "2441"]
[PlyCount "111"]
[EventDate "2024.??.??"]

1. e4 e6 2. d4 d5 3. Nd2 c5 4. Ngf3 cxd4 5. exd5 Qxd5 6. Bc4 Qd7 7. O-O Nc6 8. Nb3 Nf6 9. Nbxd4 Nxd4 10. Nxd4 a6 11. Bf4 b5 12. Bb3 Bb7 13. Re1 Rd8 14. Be5 Be7 15. Qe2 Bd5 16. Bxd5 Qxd5 17. Nf5 h5 18. Rad1 Qc6 19. Nxg7+ Kf8 20. Rxd8+ Bxd8 21. Nxh5 Rg8 22. g3 Nxh5 23. Qxh5 Qxc2 24. Qf3 Qc8 25. Bd6+ Ke8 26. b4 Bb6 27. Bc5 Bxc5 28. bxc5 Rg5 29. Rc1 Rxc5 30. Rxc5 Qxc5 31. Qa8+ Ke7 32. Qxa6 b4 33. Qb7+ Kf8 34. h4 Kg7 35. Qe4 Qc1+ 36. Kg2 Qd2 37. Qe5+ Kf8 38. Qc5+ Ke8 39. Qc4 Qc3 40. Qb5+ Kf8 41. h5 Qd4 42. h6 Qe4+ 43. Kh2 e5 44. Qb8+ Ke7 45. Qc7+ Ke8 46. Qc8+ Ke7 47. Qh3 Qh7 48. Qh4+ Ke6 49. Kg2 e4 50. Qg5 f5 51. Qd8 Kf7 52. Qd7+ Kg6 53. Qd6+ Kh5 54. Qf6 Qxh6 55. Qxf5+ Qg5 56. Qh7+ 1-0

[Event "STICH 2324 Bochumer SV 02 - SG Solingen "]
[Site "?"]
[Date "2024.05.05"]
[Round "20.5"]
[White "Berg, Michael"]
[Black "Golovanj, Andrej"]
[Result "1/2-1/2"]
[WhiteElo "2271"]
[BlackElo "2305"]
[PlyCount "125"]
[EventDate "2024.??.??"]

1. d4 Nf6 2. c4 e6 3. g3 Bb4+ 4. Bd2 Qe7 5. Nf3 Nc6 6. Nc3 O-O 7. Bg2 d6 8. d5 Nb8 9. dxe6 fxe6 10. O-O a5 11. Ne1 Nc6 12. Nd3 Bxc3 13. Bxc3 e5 14. Ne1 Be6 15. b3 Qd7 16. Nc2 Bh3 17. e4 Rf7 18. f3 Raf8 19. Qd2 b6 20. Ne3 Ne7 21. a3 h6 22. b4 axb4 23. axb4 Nh7 24. f4 exf4 25. gxf4 Rxf4 26. Rxf4 Rxf4 27. Ra8+ Rf8 28. Qd4 Nf6 29. Rxf8+ Kxf8 30. e5 dxe5 31. Qxd7 Bxd7 32. Bxe5 c6 33. Bf3 Kf7 34. Kf2 b5 35. Be2 bxc4 36. Bxc4+ Be6 37. Bd3 Ned5 38. Bd6 Nc3 39. Kf3 Nb5 40. Be5 Nd7 41. Bb2 Nd6 42. h4 g6 43. Kf4 Nb6 44. Bd4 Nd7 45. Bb2 c5 46. bxc5 Nxc5 47. Bc2 Ne8 48. Ng4 Bxg4 49. Kxg4 Nf6+ 50. Kf4 Nd5+ 51. Kf3 Nb4 52. Bb1 Ne6 53. Be4 Na6 54. Bc1 h5 55. Bb2 Nac5 56. Bd5 Nd7 57. Bc3 Nf6 58. Bc4 Ke7 59. Bb4+ Kd7 60. Bc3 Ke7 61. Bb4+ Kf7 62. Bc3 Ne8 63. Be5 1/2-1/2

[Event "STICH 2324 Bochumer SV 02 - SG Solingen "]
[Site "?"]
[Date "2024.05.05"]
[Round "20.6"]
[White "Zozulia, Anna"]
[Black "Zolfagharian, Kevin"]
[Result "1/2-1/2"]
[WhiteElo "2231"]
[BlackElo "2198"]
[PlyCount "44"]
[EventDate "2024.??.??"]

1. e4 c5 2. Nf3 Nc6 3. d4 cxd4 4. Nxd4 Nf6 5. Nc3 d6 6. Be2 e5 7. Nb3 Be7 8. O-O O-O 9. Be3 Be6 10. f4 d5 11. exd5 Nxd5 12. Nxd5 Qxd5 13. Qxd5 Bxd5 14. Rad1 Rfd8 15. c3 exf4 16. Bxf4 Be6 17. Rxd8+ Bxd8 18. Rd1 Bb6+ 19. Kf1 a5 20. Bd6 Rd8 21. Bf4 Re8 22. Bb5 Bf5 1/2-1/2

[Event "STICH 2324 Bochumer SV 02 - SG Solingen "]
[Site "?"]
[Date "2024.05.05"]
[Round "20.7"]
[White "Golinka, Oleksandr"]
[Black "Kniest, Oliver"]
[Result "1/2-1/2"]
[WhiteElo "2218"]
[BlackElo "2241"]
[PlyCount "45"]
[EventDate "2024.??.??"]

1. e4 e5 2. Nf3 Nc6 3. d4 exd4 4. Nxd4 Bc5 5. Be3 Qf6 6. c3 Qg6 7. Nd2 Nf6 8. Qe2 Ng4 9. O-O-O O-O 10. f4 Nxe3 11. Qxe3 Re8 12. Bd3 d5 13. e5 Qh6 14. Rde1 Ne7 15. N2f3 Bb6 16. Qd2 Bxd4 17. Nxd4 Bd7 18. g3 Red8 19. Nf3 Bf5 20. Ng5 Bxd3 21. Qxd3 Qg6 22. Rd1 h6 23. Qxg6 1/2-1/2

[Event "STICH 2324 Bochumer SV 02 - SG Solingen "]
[Site "?"]
[Date "2024.05.05"]
[Round "20.8"]
[White "Bashylina, Luisa"]
[Black "Kiese, Matthias"]
[Result "1-0"]
[WhiteElo "2262"]
[BlackElo "2143"]
[PlyCount "73"]
[EventDate "2024.??.??"]

1. d4 d5 2. c4 e6 3. Nc3 Nf6 4. cxd5 exd5 5. Bg5 Be7 6. e3 c6 7. Bd3 Nbd7 8. Nge2 O-O 9. O-O Re8 10. a4 a5 11. Qc2 Nf8 12. f3 Be6 13. Rae1 Rc8 14. e4 dxe4 15. fxe4 Ng4 16. Bxe7 Qxe7 17. Qd2 c5 18. d5 Bd7 19. Nf4 c4 20. Bb1 Qc5+ 21. Kh1 Ne5 22. Nh5 Nfg6 23. Ng3 Nh4 24. Nf5 Nxf5 25. exf5 f6 26. Ne4 Qb6 27. Re3 Bxa4 28. Rg3 Kh8 29. d6 Rf8 30. Rh3 Bc6 31. Rf4 Nf7 32. Rfh4 Bxe4 33. Rxh7+ Kg8 34. Bxe4 Qb4 35. Bd5 g5 36. Rh8+ Kg7 37. R3h7# 1-0

[Event "STICH 2324 SF Augsburg - FC Bayern Münc"]
[Site "?"]
[Date "2024.05.05"]
[Round "20.1"]
[White "Bezold, Michael"]
[Black "Vuckovic, Aleksandar"]
[Result "1/2-1/2"]
[WhiteElo "2471"]
[BlackElo "2309"]
[PlyCount "51"]
[EventDate "2024.??.??"]

1. e4 c5 2. Nf3 e6 3. d3 Nc6 4. g3 Nf6 5. Bg2 d5 6. Nbd2 Be7 7. O-O O-O 8. Re1 b5 9. e5 Nd7 10. Nf1 b4 11. h4 Re8 12. N1h2 f6 13. exf6 Nxf6 14. Bf4 Bd6 15. Bxd6 Qxd6 16. d4 cxd4 17. Nxd4 Nxd4 18. Qxd4 e5 19. Qd2 Bb7 20. a3 a5 21. axb4 axb4 22. Rxa8 Bxa8 23. Ra1 Bc6 24. Ra6 Ra8 25. Qe2 Rxa6 26. Qxa6 1/2-1/2

[Event "STICH 2324 SF Augsburg - FC Bayern Münc"]
[Site "?"]
[Date "2024.05.05"]
[Round "20.2"]
[White "Vuckovic, Zarko"]
[Black "Soderstrom, Adrian"]
[Result "1/2-1/2"]
[WhiteElo "2356"]
[BlackElo "2317"]
[PlyCount "53"]
[EventDate "2024.??.??"]

1. e4 e5 2. Nf3 Nc6 3. Bc4 Bc5 4. O-O Nf6 5. d3 d6 6. c3 a6 7. a4 Ba7 8. Re1 h6 9. Nbd2 g5 10. Nf1 g4 11. N3d2 h5 12. Ne3 h4 13. Ndf1 Qe7 14. d4 h3 15. Ng3 hxg2 16. Nef5 Bxf5 17. Nxf5 Qd7 18. Bg5 Nxe4 19. Ng7+ Kf8 20. Rxe4 g3 21. Qf3 d5 22. fxg3 dxe4 23. Qf6 Bxd4+ 24. cxd4 Qxd4+ 25. Kxg2 Qxb2+ 26. Kg1 Qd4+ 27. Kg2 1/2-1/2

[Event "STICH 2324 SF Augsburg - FC Bayern Münc"]
[Site "?"]
[Date "2024.05.05"]
[Round "20.3"]
[White "Fedorovsky, Michael"]
[Black "Lavrinenkov, Vadim"]
[Result "0-1"]
[WhiteElo "2406"]
[BlackElo "2267"]
[PlyCount "102"]
[EventDate "2024.??.??"]

1. d4 Nf6 2. c4 e6 3. Nc3 Bb4 4. e3 O-O 5. Nf3 d5 6. Bd2 b6 7. Rc1 Bb7 8. a3 Be7 9. Bd3 dxc4 10. Bxc4 c5 11. dxc5 Bxc5 12. O-O Nbd7 13. Be2 Be7 14. Qc2 Rc8 15. Rfd1 a6 16. Be1 Qc7 17. Qb1 Qb8 18. Ng5 Rfd8 19. Bf3 Ne5 20. Bxb7 Qxb7 21. Rxd8+ Rxd8 22. Rd1 Rd7 23. Rxd7 Qxd7 24. Nce4 Qd3 25. Qxd3 Nxd3 26. Bc3 Nd5 27. Nf3 f5 28. Neg5 Nxc3 29. bxc3 e5 30. e4 h6 31. Ne6 fxe4 32. Nd2 Bxa3 33. Nxe4 Nc5 34. N6xc5 Bxc5 35. Kf1 Kf7 36. Ke2 Ke6 37. Kd3 Kd5 38. c4+ Kc6 39. g4 a5 40. h4 b5 41. Kc3 a4 42. cxb5+ Kxb5 43. Kb2 Kc4 44. h5 a3+ 45. Ka2 Be7 46. Ng3 Kd3 47. Kb3 Kd2 48. Nf5 Bf8 49. Ng3 Ke1 50. Ne4 Be7 51. Ka2 Ke2 0-1

[Event "STICH 2324 SF Augsburg - FC Bayern Münc"]
[Site "?"]
[Date "2024.05.05"]
[Round "20.4"]
[White "Weller, Uli"]
[Black "Zajogin, Alexander"]
[Result "0-1"]
[WhiteElo "2246"]
[BlackElo "2359"]
[PlyCount "118"]
[EventDate "2024.??.??"]

1. e4 e5 2. Nc3 Nc6 3. Bc4 Nf6 4. d3 Na5 5. Nge2 Nxc4 6. dxc4 d6 7. f3 Be6 8. b3 c6 9. Bg5 Be7 10. Qd2 h6 11. Bh4 Qa5 12. O-O-O a6 13. Na4 Qxd2+ 14. Rxd2 b5 15. Nb2 bxc4 16. Nxc4 Bxc4 17. bxc4 Rb8 18. Bxf6 Bxf6 19. Rxd6 Bg5+ 20. f4 exf4 21. h4 Bf6 22. Rxc6 Be5 23. Rxa6 O-O 24. Ra5 Rfe8 25. Rb5 Ra8 26. Kb1 Ra4 27. Re1 Rxc4 28. Nc1 Bc3 29. Re2 Rcxe4 30. Rxe4 Rxe4 31. Nd3 Bf6 32. h5 g5 33. hxg6 fxg6 34. Kc1 g5 35. Kd2 Ra4 36. Nc1 Kg7 37. c3 Kg6 38. Rb4 Ra3 39. Rb3 Ra6 40. c4 Kf5 41. a3 Ke4 42. Nd3 Bd4 43. Nb4 Ra4 44. Rh3 Be3+ 45. Kc2 Rxa3 46. Rxh6 Bc5 47. Na6 Bd4 48. c5 Ra5 49. Rg6 g4 50. Kb3 g3 51. Kb4 Ra2 52. Kb5 Rb2+ 53. Kc4 Rc2+ 54. Kb5 Rxg2 55. c6 Rc2 56. c7 Be5 57. Re6 Rxc7 58. Nxc7 g2 59. Rg6 f3 0-1

[Event "STICH 2324 SF Augsburg - FC Bayern Münc"]
[Site "?"]
[Date "2024.05.05"]
[Round "20.5"]
[White "Ankerst, Mihael"]
[Black "Brueckner, Thomas"]
[Result "0-1"]
[WhiteElo "2361"]
[BlackElo "2293"]
[PlyCount "104"]
[EventDate "2024.??.??"]

1. e4 e5 2. Nf3 Nc6 3. Nc3 Nf6 4. d4 exd4 5. Nxd4 Bb4 6. Nxc6 bxc6 7. Bd3 O-O 8. O-O d5 9. exd5 cxd5 10. h3 c6 11. Qf3 Be6 12. Bf4 Bd6 13. Rad1 Rb8 14. Na4 Bxf4 15. Qxf4 Qa5 16. b3 c5 17. Rfe1 Bd7 18. Re7 c4 19. Bf5 Bxa4 20. bxa4 Qxa4 21. Qd4 Qxa2 22. Rxa7 Qb2 23. c3 Qb6 24. Qxb6 Rxb6 25. Bc2 Rb2 26. Rc1 g6 27. Bd1 Rfb8 28. Raa1 Rd2 29. Bf3 Rbb2 30. Re1 Rb7 31. Ra8+ Kg7 32. Rd8 Rd7 33. Rc8 Rd3 34. Re3 Rxe3 35. fxe3 Ra7 36. Rc5 Ra1+ 37. Kf2 Ra2+ 38. Ke1 Rc2 39. Bxd5 Nxd5 40. Rxd5 Rxc3 41. Ke2 Rc2+ 42. Kf3 h5 43. Rd6 c3 44. Rc6 Rc1 45. Ke2 c2 46. Kf2 h4 47. Rc4 f5 48. Rc6 g5 49. Rc4 Kf6 50. Ke2 Rg1 51. Kd2 Rxg2+ 52. Kd3 g4 0-1

[Event "STICH 2324 SF Augsburg - FC Bayern Münc"]
[Site "?"]
[Date "2024.05.05"]
[Round "20.6"]
[White "Abdic, Adnan"]
[Black "Rodewis, Thomas"]
[Result "1/2-1/2"]
[WhiteElo "2159"]
[BlackElo "2355"]
[PlyCount "84"]
[EventDate "2024.??.??"]

1. e4 c5 2. Nf3 e6 3. d4 cxd4 4. Nxd4 a6 5. Nc3 b5 6. Bd3 Qb6 7. Nb3 Qc7 8. f4 Bb7 9. a3 d6 10. O-O Nd7 11. Qe2 Ngf6 12. Bd2 Nc5 13. Rae1 h5 14. h3 h4 15. f5 e5 16. Nxc5 dxc5 17. Nd5 Nxd5 18. exd5 c4 19. Be4 O-O-O 20. Qf3 Bxd5 21. Be3 Qc6 22. Bxd5 Qxd5 23. Qg4 f6 24. Rd1 Qc6 25. Rxd8+ Kxd8 26. Rd1+ Kc8 27. Kh1 Be7 28. Qxg7 Rd8 29. Rxd8+ Bxd8 30. Qa7 Bc7 31. Bf2 Qd6 32. Qa8+ Kd7 33. Qe4 Bb6 34. Bxb6 Qxb6 35. Qxh4 Qe3 36. Kh2 a5 37. c3 Qd2 38. Qxf6 Qf4+ 39. Kh1 Qc1+ 40. Kh2 Qf4+ 41. Kg1 Qc1+ 42. Kh2 Qf4+ 1/2-1/2

[Event "STICH 2324 SF Augsburg - FC Bayern Münc"]
[Site "?"]
[Date "2024.05.05"]
[Round "20.7"]
[White "Schenk, Andreas"]
[Black "Duong, Quang Bach"]
[Result "1/2-1/2"]
[WhiteElo "2412"]
[BlackElo "2162"]
[PlyCount "80"]
[EventDate "2024.??.??"]

1. d4 Nf6 2. c4 e6 3. Nf3 d5 4. Nc3 a6 5. cxd5 exd5 6. Bg5 Be6 7. e3 Nbd7 8. Bd3 Bd6 9. h3 c6 10. Bf4 Qc7 11. Bxd6 Qxd6 12. Qc2 O-O 13. O-O Rfe8 14. Rfc1 g6 15. Na4 Rec8 16. Qe2 Nh5 17. Nc5 Rc7 18. a3 Ng7 19. Qd1 Qe7 20. b4 Bf5 21. Nxd7 Qxd7 22. Bf1 Ne8 23. a4 Nd6 24. Qb3 Qe6 25. b5 axb5 26. axb5 Rxa1 27. Rxa1 cxb5 28. Bxb5 Ne4 29. Bf1 Rc3 30. Qb4 Qc8 31. Ne5 Rc2 32. Nd3 Kg7 33. Qe1 Nd2 34. Nb4 Rb2 35. Rc1 Qd8 36. Nd3 Qg5 37. Qd1 Ra2 38. Nb4 Rb2 39. Nd3 Ra2 40. Nb4 Rb2 1/2-1/2

[Event "STICH 2324 SF Augsburg - FC Bayern Münc"]
[Site "?"]
[Date "2024.05.05"]
[Round "20.8"]
[White "Balic, Adnan"]
[Black "Hoeglauer, Patrick"]
[Result "0-1"]
[WhiteElo "2066"]
[BlackElo "2250"]
[PlyCount "130"]
[EventDate "2024.??.??"]

1. c4 e5 2. Nc3 Nf6 3. e3 Bb4 4. Nge2 O-O 5. a3 Be7 6. d4 exd4 7. Nxd4 d5 8. cxd5 Nxd5 9. Nxd5 Qxd5 10. Qf3 Qxf3 11. Nxf3 Bf6 12. Nd2 Re8 13. Bd3 a5 14. Ne4 Be5 15. O-O g6 16. Rb1 Na6 17. f4 Bg7 18. b4 axb4 19. axb4 Bf5 20. Nf2 Be6 21. Bd2 Red8 22. Rfd1 Ba2 23. Rbc1 Bb2 24. Rc2 Bb3 25. Rxb2 Bxd1 26. Be4 Bb3 27. Bxb7 Ra7 28. Bf3 Nb8 29. g4 Ra2 30. Rxa2 Bxa2 31. Bc3 Bd5 32. e4 Bc6 33. g5 Nd7 34. Be2 Ra8 35. b5 Bb7 36. Bg4 Ra3 37. Bb4 Ra4 38. Be7 Bxe4 39. Nxe4 Rxe4 40. Bd8 Rxf4 41. Bxd7 Rd4 42. Bxc7 Rxd7 43. b6 Rd1+ 44. Kf2 Rb1 45. Ke3 Kf8 46. Ke4 Ke7 47. Kd5 Kd7 48. Ke5 Rf1 49. Kd5 f6 50. gxf6 Rxf6 51. Ke5 Rf5+ 52. Ke4 Kc6 53. Ke3 Rb5 54. Ke4 Rb2 55. Kd4 Re2 56. Kd3 Re7 57. Kd4 Re8 58. Kd3 g5 59. Kd4 g4 60. Kd3 h5 61. Kd2 h4 62. Kd3 Re7 63. Bf4 Kxb6 64. Bg5 g3 65. hxg3 h3 0-1

[Event "STICH 2324 SC Böblingen - SK 1980 Gerns"]
[Site "Ettlingen"]
[Date "2024.05.05"]
[Round "20.1"]
[White "Hebbering, Tom Elliot"]
[Black "Kuklin, Valentin"]
[Result "1/2-1/2"]
[WhiteElo "2215"]
[BlackElo "2366"]
[PlyCount "60"]
[EventDate "2024.05.04"]

1. Nf3 Nf6 2. c4 c5 3. g3 g6 4. Bg2 Bg7 5. O-O O-O 6. Nc3 Nc6 7. d4 cxd4 8. Nxd4 Ng4 9. e3 d6 10. h3 Nxd4 11. exd4 Nh6 12. Bxh6 Bxh6 13. Qe2 Rb8 14. Rfe1 Re8 15. Rad1 Bd7 16. Kh2 Bc6 17. Bxc6 bxc6 18. d5 Bg7 19. Rd3 Bxc3 20. Rxc3 cxd5 21. cxd5 Qa5 22. Ra3 Qxd5 23. Rxa7 Qd4 24. Qe3 Qxe3 25. Rxe3 Rxb2 26. Kg2 e6 27. Rc3 Kg7 28. a4 d5 29. a5 Ra2 30. a6 h5 1/2-1/2

[Event "STICH 2324 SC Böblingen - SK 1980 Gerns"]
[Site "Ettlingen"]
[Date "2024.05.05"]
[Round "20.2"]
[White "Hirneise, Jens"]
[Black "Braun, Vitali"]
[Result "1-0"]
[WhiteElo "2278"]
[BlackElo "2349"]
[PlyCount "161"]
[EventDate "2024.05.04"]

1. e4 e6 2. d4 d5 3. exd5 exd5 4. Nf3 Bd6 5. c4 Nf6 6. c5 Be7 7. Bd3 O-O 8. O-O b6 9. Be3 Bg4 10. Nbd2 Nc6 11. Qa4 Bd7 12. Bb5 Qe8 13. Rfe1 a6 14. Bxc6 Bxc6 15. Qc2 bxc5 16. dxc5 Ne4 17. Nd4 Bf6 18. Rad1 Rb8 19. b3 Bb7 20. Nf1 Qd8 21. Ng3 Nxg3 22. hxg3 Re8 23. Qc3 c6 24. Bf4 Ra8 25. Rxe8+ Qxe8 26. Re1 Qd7 27. Be5 Re8 28. Bxf6 gxf6 29. Rxe8+ Qxe8 30. Nf5 Bc8 31. Nd6 Qe6 32. f4 Bd7 33. Kf2 Kg7 34. Qd4 h5 35. Qd3 Qg4 36. Qf3 Qg6 37. f5 Qg5 38. Qf4 Kf8 39. Ke3 Ke7 40. b4 Qg7 41. Kd4 Kd8 42. Kc3 Qf8 43. Kd4 Qe7 44. Qe3 Qf8 45. a4 Qe7 46. Qxe7+ Kxe7 47. Ke3 Kf8 48. Kf4 Ke7 49. g4 hxg4 50. Kxg4 Kf8 51. Kf4 Kg7 52. g4 Kf8 53. Ke3 Ke7 54. Kd4 Be8 55. Ke3 Bd7 56. Nb7 Be8 57. Na5 Bd7 58. Nb3 Be8 59. Nd4 Bd7 60. Kf4 Be8 61. Ne2 Bd7 62. Nc3 Kf8 63. Ke3 Ke8 64. Kd4 Kd8 65. b5 cxb5 66. axb5 Bxb5 67. Nxd5 a5 68. Nxf6 a4 69. Kc3 Bc6 70. Kb4 Ke7 71. g5 Kf8 72. Ng4 Bd7 73. Ne3 Bc6 74. f6 Ke8 75. Nc4 Kd8 76. Ne5 Be8 77. g6 fxg6 78. f7 Bxf7 79. Nxf7+ Ke7 80. Ng5 Kf6 81. Nh7+ 1-0

[Event "STICH 2324 SC Böblingen - SK 1980 Gerns"]
[Site "Ettlingen"]
[Date "2024.05.05"]
[Round "20.3"]
[White "Mueller, Maximilian"]
[Black "Ortmann, David"]
[Result "1/2-1/2"]
[WhiteElo "2284"]
[BlackElo "2272"]
[PlyCount "140"]
[EventDate "2024.05.04"]

1. e4 c5 2. Ne2 Nf6 3. Nbc3 d5 4. exd5 Nxd5 5. d4 Nxc3 6. bxc3 g6 7. Be3 Bg7 8. Qd2 cxd4 9. cxd4 Nc6 10. c4 O-O 11. Rc1 Re8 12. d5 Ne5 13. h3 e6 14. d6 b6 15. Nc3 a6 16. Be2 Bb7 17. O-O Qc8 18. f4 Nd7 19. Rfd1 Rd8 20. f5 gxf5 21. Bh6 Qc5+ 22. Be3 Qe5 23. Bf4 Qc5+ 24. Be3 Qe5 25. Bf1 Rac8 26. Na4 Rc6 27. Bf4 Qa5 28. Qxa5 bxa5 29. c5 Rcc8 30. Bg5 Bf6 31. Bxf6 Nxf6 32. Nb6 Rc6 33. g4 Ne4 34. Bg2 Rxc5 35. Rxc5 Nxc5 36. Rc1 Rxd6 37. Nc8 Bxc8 38. Rxc5 Bd7 39. gxf5 exf5 40. Rxa5 Bb5 41. Ra3 Rd1+ 42. Kf2 Rd2+ 43. Kg1 Kg7 44. Bb7 Rd6 45. Bc8 Kf6 46. Kf2 Rc6 47. Bb7 Rb6 48. Bc8 Rb8 49. Rc3 f4 50. Bxa6 Bxa6 51. Rc6+ Kg5 52. Rxa6 Rb2+ 53. Kf1 Kh4 54. Ra3 f5 55. Rf3 Rxa2 56. Rxf4+ Kg5 57. Rf3 f4 58. Rb3 Kh4 59. Rf3 Kg5 60. Rb3 Rd2 61. Ra3 Kf5 62. Ke1 Rg2 63. Ra5+ Ke4 64. Ra4+ Kf5 65. Ra5+ Kg6 66. Ra6+ Kf5 67. Ra5+ Kf6 68. Ra6+ Kf5 69. Ra5+ Kg6 70. Ra6+ Kf5 1/2-1/2

[Event "STICH 2324 SC Böblingen - SK 1980 Gerns"]
[Site "Ettlingen"]
[Date "2024.05.05"]
[Round "20.4"]
[White "Mueller, Ralf"]
[Black "Peterson, Emery"]
[Result "1-0"]
[WhiteElo "2337"]
[BlackElo "2166"]
[PlyCount "66"]
[EventDate "2024.05.04"]

1. d4 e6 2. c4 d5 3. Nf3 Nf6 4. Nc3 c6 5. e3 Bd6 6. b3 O-O 7. Be2 b6 8. O-O Bb7 9. Bb2 Nbd7 10. Qc2 Re8 11. e4 dxe4 12. Nxe4 Nxe4 13. Qxe4 Qf6 14. Ne5 Rad8 15. Rad1 Qf5 16. Bd3 Qxe4 17. Bxe4 Nxe5 18. dxe5 Bc5 19. g4 Kf8 20. Kg2 Ke7 21. f4 g6 22. Kf3 a5 23. a4 Rxd1 24. Rxd1 Rb8 25. Bc3 Rd8 26. Rxd8 Kxd8 27. f5 Ke7 28. h4 Kf8 29. Bd2 Bd4 30. Kf4 Bc5 31. h5 Kg7 32. f6+ Kh6 33. g5+ Kxh5 1-0

[Event "STICH 2324 SC Böblingen - SK 1980 Gerns"]
[Site "Ettlingen"]
[Date "2024.05.05"]
[Round "20.5"]
[White "Borchert, Rene"]
[Black "Tran, Thanh Kien"]
[Result "1-0"]
[WhiteElo "2244"]
[BlackElo "2175"]
[PlyCount "127"]
[EventDate "2024.05.04"]

1. e4 c5 2. c3 d5 3. exd5 Qxd5 4. d4 Nc6 5. Nf3 Bf5 6. Be3 Nf6 7. Na3 cxd4 8. Nb5 O-O-O 9. Nfxd4 Ng4 10. Qf3 Qxf3 11. gxf3 Nxe3 12. fxe3 Bd7 13. Rd1 Nxd4 14. cxd4 a6 15. Rc1+ Kb8 16. Nc3 e6 17. Bd3 Be7 18. Ke2 Bc6 19. Rhg1 g5 20. Ne4 Bxe4 21. Bxe4 Rc8 22. Rc3 h5 23. h3 Rxc3 24. bxc3 Rc8 25. Rb1 b5 26. Kd2 Rc4 27. Bh7 b4 28. Bg8 Rxc3 29. Bxf7 e5 30. dxe5 Bc5 31. Re1 h4 32. Be6 a5 33. f4 gxf4 34. exf4 Rf3 35. Re4 a4 36. Rc4 Be7 37. Rc8+ Kb7 38. Re8 Rf2+ 39. Kd3 Bc5 40. Kc4 Kb6 41. Rb8+ Kc7 42. Rc8+ Kb6 43. Rxc5 Rc2+ 44. Kxb4 Rxc5 45. Kxa4 Rc3 46. Kb4 Rf3 47. f5 Rxh3 48. f6 Rf3 49. Kc4 Kc7 50. Kd5 Kd8 51. Ke4 Rf1 52. Bg4 Ke8 53. a4 Ra1 54. e6 Rxa4+ 55. Kf5 Ra7 56. Kg5 Rh7 57. Bf5 Ra7 58. Kxh4 Kf8 59. Kg5 Ra5 60. Kf4 Ra7 61. Be4 Ra4 62. Ke5 Ra7 63. Kd6 Ra6+ 64. Bc6 1-0

[Event "STICH 2324 SC Böblingen - SK 1980 Gerns"]
[Site "Ettlingen"]
[Date "2024.05.05"]
[Round "20.6"]
[White "Vujic, Branimir"]
[Black "Schupp, Uwe"]
[Result "1-0"]
[WhiteElo "2217"]
[BlackElo "2051"]
[PlyCount "73"]
[EventDate "2024.05.04"]

1. d4 d6 2. Nf3 Nf6 3. e3 Bg4 4. Be2 Nbd7 5. h3 Bh5 6. c4 c6 7. Nc3 e5 8. Qb3 Qc7 9. g4 Bg6 10. Nh4 Be7 11. g5 Ng8 12. f4 f5 13. Bd2 O-O-O 14. O-O-O Nf8 15. d5 c5 16. Nb5 Qb8 17. Rhf1 a6 18. Nc3 exf4 19. exf4 h6 20. Bd3 Be8 21. Nxf5 hxg5 22. fxg5 Rxh3 23. Be4 Bg6 24. Qc2 Qc7 25. Nxg7 Bxe4 26. Qxe4 Qd7 27. Ne6 Re8 28. Qf5 Rh4 29. Rf4 Rxf4 30. Bxf4 Kb8 31. Qf7 Nxe6 32. dxe6 Qc6 33. Nd5 Qa4 34. Nxe7 Qxc4+ 35. Kb1 Qe4+ 36. Ka1 Rxe7 37. Bxd6+ 1-0

[Event "STICH 2324 SC Böblingen - SK 1980 Gerns"]
[Site "Ettlingen"]
[Date "2024.05.05"]
[Round "20.7"]
[White "Rosenberger, Frank"]
[Black "Schuh, Karsten"]
[Result "0-1"]
[WhiteElo "2032"]
[BlackElo "2133"]
[PlyCount "106"]
[EventDate "2024.05.04"]

1. e4 c5 2. Nf3 Nc6 3. d4 cxd4 4. Nxd4 Qc7 5. Nc3 e6 6. Be3 Nf6 7. Be2 a6 8. O-O Bb4 9. Na4 Be7 10. Nxc6 bxc6 11. Nb6 Rb8 12. Nxc8 Qxc8 13. e5 Nd5 14. Bc1 Bc5 15. c4 Ne7 16. b3 Qc7 17. Bb2 d6 18. exd6 Bxd6 19. h3 Be5 20. Qc2 c5 21. Bf3 Bxb2 22. Qxb2 Nf5 23. Be4 Nd4 24. Rae1 O-O 25. f4 g6 26. Qf2 a5 27. Bc2 Rfe8 28. Re3 Rbd8 29. Bb1 Re7 30. Re5 Qd6 31. Rfe1 Ra7 32. Qh4 Kg7 33. Kh1 f6 34. R5e3 Rdd7 35. Qf2 Rd8 36. Qh4 Rad7 37. Qf2 Rf7 38. Qg3 Qb6 39. h4 Qd6 40. h5 f5 41. Qg5 Qe7 42. Qxe7 Rxe7 43. hxg6 hxg6 44. Re5 Rc7 45. Kh2 Kf6 46. Kg3 Rh8 47. R5e3 Rg7 48. Re5 g5 49. fxg5+ Rxg5+ 50. Kf2 Rhg8 51. Rxc5 Rxg2+ 52. Ke3 R8g3+ 53. Kxd4 Rd2+ 0-1